Văn học Việt Nam 1900 - 1945 /
Kaydedildi:
| Diğer Yazarlar: | , , |
|---|---|
| Materyal Türü: | Sách giấy |
| Dil: | Vietnamese |
| Baskı/Yayın Bilgisi: |
H. :
Giáo dục,
2003
|
| Edisyon: | Tái bản lần thứ bảy |
| Konular: | |
| Etiketler: |
Etiketle
Etiket eklenmemiş, İlk siz ekleyin!
|
| Thư viện lưu trữ: | Thư viện Trường Đại học Đà Lạt |
|---|
| LEADER | 00848nam a2200313 4500 | ||
|---|---|---|---|
| 001 | DLU030025802 | ||
| 005 | ##20021230 | ||
| 008 | ##021230t vn z000 vie d | ||
| 040 | # | # | |a DLU |b vie |
| 041 | # | # | |a vie |
| 044 | # | # | |a vn |
| 082 | # | # | |a 895.922 |b Van |
| 245 | # | # | |a Văn học Việt Nam 1900 - 1945 / |c Phan Cự Đệ, ... [và những người khác] |
| 250 | # | # | |a Tái bản lần thứ bảy |
| 260 | # | # | |a H. : |b Giáo dục, |c 2003 |
| 300 | # | # | |a 668 tr. ; |c 24 cm |
| 650 | # | # | |a Văn học Việt Nam |x Lịch sử và phê bình. |
| 700 | # | # | |a Nguyễn Trác |
| 700 | # | # | |a Phan Cự Đệ |
| 700 | # | # | |a Trần Đình Hượu |
| 992 | # | # | |a 50000 |
| 994 | # | # | |a DLU |
| 900 | # | # | |a True |
| 911 | # | # | |a Thái Thị Thanh Thủy |
| 925 | # | # | |a G |
| 926 | # | # | |a A |
| 927 | # | # | |a SH |
| 980 | # | # | |a Thư viện Trường Đại học Đà Lạt |